Ajedrez: no te dejes comer #3 - ¡Muerte súbita! - Estadísticas

Estadísticas generales
  • Esta prueba ha sido intentada 259 veces
  • La puntuación promedio es 3 de 8
Answers on the Grid
Answers color-coded by a green-red scale on the quiz's grid according to % correct below.
 
Estadísticas de respuestas
Respuesta % Correcto
54%
52%
50%
44%
40%
40%
38%
29%
No se encontraron pruebas coincidentes
Distribución de puntuación
Porcentaje de gente con cada puntuación
Porcentaje por número respondido
Historial de tus puntuaciones
No has intentado esta prueba.